| 000 | 01115fam a2200325 a 4500 | ||
|---|---|---|---|
| 001 | 4510588 | ||
| 003 | GBCCL | ||
| 005 | 20241126110350.0 | ||
| 008 | 990831s1999 tnu b 001 0 eng | ||
| 010 | _a 99047181 | ||
| 020 | _a0785242198 | ||
| 020 | _a9798173626998 | ||
| 035 | _a(OCoLC)ocn686313385 | ||
| 035 | _a4510588 | ||
| 040 |
_aDLC _cDLC _dCtY-D |
||
| 050 | 0 | 0 |
_aBS480 _b.M384 1999 |
| 082 | 0 | 0 |
_a239 _221 _bMCD |
| 100 | 1 |
_aMcDowell, Josh. _91225 |
|
| 245 | 1 | 4 |
_aThe new evidence that demands a verdict / _cJosh McDowell. |
| 260 |
_aNashville, Tenn. : _bThomas Nelson, _cc1999. |
||
| 260 |
_aSecunderabad : _bAuthentic, _c2016. |
||
| 300 |
_aliii, 760 p. ; _c25 cm. |
||
| 500 | _a"Evidence I & II fully updated in one volume to answer questions challenging Christians in the 21st century"--Cover. | ||
| 504 | _aIncludes bibliographical references and indexes. | ||
| 541 |
_cGift; _aGift of Josh D. McDowell; _d2000. |
||
| 630 | 0 | 0 |
_aBible _xEvidences, authority, etc. _9351 |
| 650 | 0 |
_aApologetics. _985 |
|
| 700 | 1 |
_aMcDowell, Josh. _tEvidence that demands a verdict. _91603 |
|
| 942 |
_2ddc _cBK _053 |
||
| 999 |
_c970 _d970 |
||